Marx and Engels on India : (Record no. 26537)
[ view plain ]
| 000 -LEADER | |
|---|---|
| fixed length control field | 00906cam a22002891 4500 |
| 001 - CONTROL NUMBER | |
| control field | 26537 |
| 003 - CONTROL NUMBER IDENTIFIER | |
| rucl marc code | BD-RjUL |
| 005 - DATE AND TIME OF LATEST TRANSACTION | |
| control field | 20211209051030.0 |
| 008 - FIXED-LENGTH DATA ELEMENTS--GENERAL INFORMATION | |
| fixed length control field | 140322s1933 ii 000 0 eng |
| 035 ## - SYSTEM CONTROL NUMBER | |
| System control number | (BD-RjUL)26607 |
| 040 ## - CATALOGING SOURCE | |
| Original cataloging agency | DLC |
| Transcribing agency | DLC |
| Modifying agency | DLC |
| Language of cataloging | eng |
| 041 ## - LANGUAGE CODE | |
| Language code of text/sound track or separate title | eng |
| 082 ## - DEWEY DECIMAL CLASSIFICATION NUMBER | |
| Classification number | 954.08 |
| Author mark and year | MAR 1933 |
| 100 1# - MAIN ENTRY--PERSONAL NAME | |
| Personal name | Anand, Mulk Raj, |
| Dates associated with a name | 1905-2004. |
| 9 (RLIN) | 56318 |
| 245 10 - TITLE STATEMENT | |
| Title | Marx and Engels on India : |
| Remainder of title | with appendices / |
| Statement of responsibility, etc. | Edited with a preface by Mulk Raj Anand. |
| 260 ## - PUBLICATION, DISTRIBUTION, ETC. (IMPRINT) | |
| Place of publication, distribution, etc. | Allahabad, |
| Name of publisher, distributor, etc. | Socialist Book Club |
| Date of publication, distribution, etc. | [1933?] |
| 300 ## - PHYSICAL DESCRIPTION | |
| Pagination | 154 p. ; |
| Size | 19 cm. |
| 490 0# - SERIES STATEMENT | |
| Series statement | S.B.C. publication |
| Volume/sequential designation | no. 4 |
| 500 ## - GENERAL NOTE | |
| General note | Cover title. |
| 651 #0 - SUBJECT ADDED ENTRY--GEOGRAPHIC NAME | |
| Geographic name | India |
| General subdivision | Economic conditions. |
| 9 (RLIN) | 81622 |
| Geographic name | India |
| General subdivision | Politics and government |
| Chronological subdivision | 1765-1947. |
| 9 (RLIN) | 81623 |
| 700 1# - ADDED ENTRY--PERSONAL NAME | |
| Personal name | Marx, Karl, |
| Dates associated with a name | 1818-1883. |
| Personal name | Engels, Friedrich, |
| Dates associated with a name | 1820-1895. |
| 942 ## - ADDED ENTRY ELEMENTS (KOHA) | |
| Source of classification or shelving scheme | Dewey Decimal Classification |
| Koha item type | Books |
| Lost status | Source of classification or shelving scheme | Damaged status | Not for loan | Collection code | Permanent Location | Current Location | Shelving location | Date acquired | Source of acquisition | Cost, normal purchase price | Total Checkouts | Full call number | Date last seen | Copy number | Koha item type |
|---|---|---|---|---|---|---|---|---|---|---|---|---|---|---|---|
| Dewey Decimal Classification | Added to bundle | Non-fiction | Central Library, University of Rajshahi | Central Library, University of Rajshahi | Reading Room | 18/10/1963 | Pak. American | 5.00 | 954.08 MAR 1933 | 22/03/2014 | C-1 | Books |